<The> Legal Environment of Business
Enregistré dans:
| Auteur principal: | |
|---|---|
| Autres auteurs: | |
| Format: | Livre |
| Langue: | anglais |
| Publié: |
New York
MacGraw-Hill
1991
|
| Édition: | 3. ed. |
| Sujets: | |
| Tags: |
Pas de tags, Soyez le premier à ajouter un tag!
|
MARC
| LEADER | 00000nam a2200000 4500 | ||
|---|---|---|---|
| 001 | c009588 | ||
| 005 | 20221206114723.0 | ||
| 020 | |a 0-07-069989-5 | ||
| 041 | 0 | |a eng | |
| 044 | |a US | ||
| 245 | 1 | 0 | |a <The> Legal Environment of Business |c Douglas Whitman, John William Gergacz |
| 250 | |a 3. ed. | ||
| 264 | 1 | |a New York |b MacGraw-Hill |c 1991 | |
| 300 | |a 708 s. | ||
| 610 | 2 | 0 | |a právo obchodné |
| 610 | 2 | 0 | |a právo priemyselné |
| 610 | 2 | 0 | |a legislatíva |
| 610 | 2 | 0 | |a USA |
| 610 | 2 | 0 | |a podnikanie |
| 610 | 2 | 0 | |a štúdie prípadové |
| 100 | 1 | |a Whitman, Douglas | |
| 700 | 1 | |a Gergacz, John William | |